|
|
|
|
| LEADER |
00979nam a2200313 4500 |
| 001 |
DLU090095251 |
| 005 |
##20091201 |
| 040 |
# |
# |
|a DLU
|b eng
|
| 041 |
# |
# |
|a eng
|
| 044 |
# |
# |
|a us
|
| 100 |
# |
# |
|a Shaju, K. M.
|
| 245 |
# |
# |
|a Li ion kinetic studies on spinel cathodes, Li(M1/6Mn11/6)O4(M= Mn, Co, CoAl) by GITT and EIS /
|c K. M. Shaju, G. V. Subba Rao, B. V. R. Chowdari.
|
| 653 |
# |
# |
|a Diffusion coefficient
|
| 653 |
# |
# |
|a Electrode impedance
|
| 653 |
# |
# |
|a Galvanostatic method
|
| 653 |
# |
# |
|a Lithium batteries
|
| 653 |
# |
# |
|a Specific capacity
|
| 700 |
# |
# |
|a Chowdari, B. V. R.
|
| 700 |
# |
# |
|a Rao, G. V. Subba.
|
| 773 |
# |
# |
|t Journal of Materials Chemistry
|g Vol. 13, no. 1 (2003), p. 106-113
|
| 920 |
# |
# |
|a Phòng Tạp chí -- Trung tâm Thông tin - Thư viện Trường Đại học Đà Lạt
|
| 994 |
# |
# |
|a DLU
|
| 900 |
# |
# |
|a True
|
| 911 |
# |
# |
|a Trương Bảo Trâm Anh
|
| 925 |
# |
# |
|a G
|
| 926 |
# |
# |
|a A
|
| 927 |
# |
# |
|a BB
|
| 980 |
# |
# |
|a Thư viện Trường Đại học Đà Lạt
|